<?xml version="1.0" encoding="UTF-8"?>
<record
    xmlns:xsi="http://www.w3.org/2001/XMLSchema-instance"
    xsi:schemaLocation="http://www.loc.gov/MARC21/slim http://www.loc.gov/standards/marcxml/schema/MARC21slim.xsd"
    xmlns="http://www.loc.gov/MARC21/slim">

  <leader>04352nab a2200361uuc4500</leader>
  <controlfield tag="001">1550076</controlfield>
  <controlfield tag="003">OSt</controlfield>
  <controlfield tag="005">20241205152750.0</controlfield>
  <controlfield tag="007">cr|||||||</controlfield>
  <controlfield tag="008">200913s2015                        spa  </controlfield>
  <datafield tag="035" ind1=" " ind2=" ">
    <subfield code="a">1550076</subfield>
  </datafield>
  <datafield tag="040" ind1=" " ind2=" ">
    <subfield code="c">comduadb</subfield>
  </datafield>
  <datafield tag="041" ind1=" " ind2=" ">
    <subfield code="a">spa</subfield>
  </datafield>
  <datafield tag="100" ind1="1" ind2="0">
    <subfield code="a">Agudelo Vel&#xE1;squez, Carlos Alberto</subfield>
    <subfield code="4">aut</subfield>
    <subfield code="e">aut</subfield>
    <subfield code="9">511321</subfield>
  </datafield>
  <datafield tag="245" ind1="1" ind2="0">
    <subfield code="a">Efecto de los m&#xE9;todos de entrenamiento de la resistencia en atletas antioque&#xF1;os de combate</subfield>
  </datafield>
  <datafield tag="336" ind1=" " ind2=" ">
    <subfield code="a">texto</subfield>
    <subfield code="b">txt</subfield>
    <subfield code="0">(uri)http://www.rdaregistry.info/termList/RDAContentType/#1020</subfield>
    <subfield code="2">rdacontent</subfield>
  </datafield>
  <datafield tag="520" ind1="3" ind2=" ">
    <subfield code="a">Introducci&#xF3;n. Este trabajo consiste en comparar el m&#xE9;todo intermitente, frente al discontinuo para entrenar la resistencia de atletas de combate, o si por el contrario realizar s&#xF3;lo entrenamiento t&#xE9;cnico puede mantener o desarrollar la resistencia, en atletas que ya est&#xE1;n pr&#xF3;ximos a tener su competencia principal del calendario nacional, por tanto pretende comparar como avanzan, mantienen o retroceden en VO2M&#xE1;x. los atletas de combate que est&#xE1;n seleccionados para los Juegos Nacionales. Se retoman los valores est&#xE1;ndar reconocidos para ser eficiente en la base condicional aer&#xF3;bica para estos deportes y se mide a trav&#xE9;s del test de Luc L&#xE9;ger los valores de VO2M&#xE1;x antes y despu&#xE9;s de la intervenci&#xF3;n que se realiza. Metodolog&#xED;a. El presente estudio es de tipo experimental con asignaci&#xF3;n al azar en paralelo, con muestras estratificadas para los cuatro deportes involucrados. El universo de la poblaci&#xF3;n es: 14 de judo, 6 de Taekwondo, 10 de lucha y 9 de esgrima por lo tanto: 39 atletas. La distribuci&#xF3;n de la poblaci&#xF3;n se realizar&#xE1; estratificada por deporte y g&#xE9;nero. Las intervenciones son: Plan interv&#xE1;lico:4 repeticiones de los metrajes propuestos en 5 minutos, con micropausas de 2 minutos, lo que equivale a una intervenci&#xF3;n de 26 minutos, 20 reales de trabajo y 6 con las pausas entre las series, la metodolog&#xED;a se diferencian por g&#xE9;nero as&#xED;:-1.200 hombres &#xF3; 1000 m mujeres en cada intervalo-5 minutos para: realizar las 3 vueltas (hombres) o 2 vueltas m&#xE1;s 200 m (mujeres) Plan de entrenamiento intermitente: Los atletas trabajaran durante 40 minutos, con per&#xED;odos sucesivos de trabajo y recuperaci&#xF3;n de 20 segundos, es decir trabajan 20:20 variando tres ejercicios de acuerdo a su modalidad, las caracter&#xED;sticas b&#xE1;sicas son:-Densidad: 1:1-Intervenciones: 20&#x201D;:20&#x201D; -Duraci&#xF3;n: 40 minutos Las intervenciones se realizar&#xE1;n por 4 semanas con un total de 4 est&#xED;mulos por semana, para un total de 16 intervenciones con cada m&#xE9;todo. Resultados: Se medir&#xE1; pre-test y pos-test de 3 grupos, 2 de intervenci&#xF3;n y 1 de control, y se medir&#xE1; as&#xED;: para las variables cualitativas se realiza una proporci&#xF3;n, en tanto que para las variables cuantitativas se analizara su normalidad con una prueba de Shapiro Wills, lo que servir&#xE1; de base para establecer el an&#xE1;lisis crudo, de la siguiente forma, con datos normales se realizar&#xE1; un an&#xE1;lisis de variaci&#xF3;n de medias con anova; en tanto que si resultan las variables sin normalidad se realizar&#xE1; un an&#xE1;lisis de medianas con la prueba Kuskall &#x2013;Wallis, en ambos casos se aplicara post doc con un Bonforroni. Para este estudio se va a considerar significativos cambios de p &lt; 0.05. Los programas con que se aplicar&#xE1;n los an&#xE1;lisis son el SPSS versi&#xF3;n 22 y Excel 2010.Adicionalmente se tendr&#xE1;n en cuenta todos los protocolos pertinentes de &#xE9;tica para la investigaci&#xF3;n con seres humanos.</subfield>
  </datafield>
  <datafield tag="650" ind1=" " ind2=" ">
    <subfield code="a">Atletas - Aspectos fisiol&#xF3;gicos</subfield>
    <subfield code="9">14823</subfield>
  </datafield>
  <datafield tag="650" ind1=" " ind2="7">
    <subfield code="a">Entrenamiento atl&#xE9;tico</subfield>
    <subfield code="2">lemb</subfield>
    <subfield code="9">958</subfield>
  </datafield>
  <datafield tag="650" ind1=" " ind2=" ">
    <subfield code="a">Entrenamiento deportivo - Aspectos fisiol&#xF3;gicos</subfield>
    <subfield code="9">234911</subfield>
  </datafield>
  <datafield tag="650" ind1=" " ind2=" ">
    <subfield code="a">Entrenamiento deportivo - Metodolog&#xED;a</subfield>
    <subfield code="9">234431</subfield>
  </datafield>
  <datafield tag="650" ind1=" " ind2=" ">
    <subfield code="a">Resistencia f&#xED;sica</subfield>
    <subfield code="9">86771</subfield>
  </datafield>
  <datafield tag="650" ind1=" " ind2=" ">
    <subfield code="a">Resistencia muscular</subfield>
    <subfield code="9">218383</subfield>
  </datafield>
  <datafield tag="700" ind1="1" ind2="0">
    <subfield code="a">Ortiz Uribe, Mariluz</subfield>
    <subfield code="4">aut</subfield>
    <subfield code="e">aut</subfield>
    <subfield code="9">559717</subfield>
  </datafield>
  <datafield tag="700" ind1="1" ind2="0">
    <subfield code="a">Rend&#xF3;n &#xC1;lvarez, Daniel Arturo</subfield>
    <subfield code="4">aut</subfield>
    <subfield code="e">aut</subfield>
    <subfield code="9">803074</subfield>
  </datafield>
  <datafield tag="700" ind1="1" ind2="0">
    <subfield code="a">Qui&#xF1;onez Qui&#xF1;onez, Jhon Anderson</subfield>
    <subfield code="4">aut</subfield>
    <subfield code="e">aut</subfield>
    <subfield code="9">803291</subfield>
  </datafield>
  <datafield tag="700" ind1="1" ind2="0">
    <subfield code="a">Echeverry Gil, Camilo</subfield>
    <subfield code="4">aut</subfield>
    <subfield code="e">aut</subfield>
    <subfield code="9">802959</subfield>
  </datafield>
  <datafield tag="700" ind1="1" ind2="0">
    <subfield code="a">Jim&#xE9;nez C&#xE9;spedes, Jorge Luis</subfield>
    <subfield code="4">aut</subfield>
    <subfield code="e">aut</subfield>
    <subfield code="9">800715</subfield>
  </datafield>
  <datafield tag="700" ind1="1" ind2="0">
    <subfield code="a">Mesa Mu&#xF1;oz, Juan Felipe </subfield>
    <subfield code="4">aut</subfield>
    <subfield code="e">aut</subfield>
    <subfield code="9">803204</subfield>
  </datafield>
  <datafield tag="773" ind1="0" ind2=" ">
    <subfield code="t">ExpoMotricidad (Medell&#xED;n)</subfield>
    <subfield code="g">N&#xFA;mero 6, Noviembre de 2015</subfield>
    <subfield code="w">1549820</subfield>
    <subfield code="0">819501</subfield>
  </datafield>
  <datafield tag="856" ind1="4" ind2=" ">
    <subfield code="u">https://revistas.udea.edu.co/index.php/expomotricidad/article/view/24937</subfield>
  </datafield>
  <datafield tag="942" ind1=" " ind2=" ">
    <subfield code="c">ARIMP</subfield>
    <subfield code="2">ddc</subfield>
  </datafield>
  <datafield tag="999" ind1=" " ind2=" ">
    <subfield code="c">822340</subfield>
    <subfield code="d">822340</subfield>
  </datafield>
</record>
